000 00565nam a2200229Ia 4500
003 OSt
005 20220918174751.0
006 a|||||r|||| 00| 0
007 ta
008 220917b |||||||| |||| 00| 0 eng d
024 _a14,061
037 _cTextual
040 _aARTS
_cARTS
_beng
041 _2eng
_aeng
082 _aN7v1:N, G7
100 _aSachs Curt
_951698
245 0 _aWood history of the dance tr by Bessie Schonerg
260 _c1937
650 _aARTS
942 _hN7v1:N, G7
_cTEXL
_2CC
999 _c154624
_d154624